| 000 | 00397nam a22001577a 4500 | ||
|---|---|---|---|
| 999 |
_c256850 _d256849 |
||
| 003 | OSt | ||
| 005 | 20180710131939.0 | ||
| 008 | 180710b xxu||||| |||| 00| 0 eng d | ||
| 020 | _a978-1-4180-1289-2 | ||
| 040 | _cN/A | ||
| 100 | _aStephen j willliams | ||
| 245 | _aIntroduction ton health services | ||
| 250 | _a7th edition | ||
| 260 |
_aUSA _bDelmar cengage learning _c2008 |
||
| 942 |
_2lcc _cSB |
||